What did Jesus say about that? (Record no. 5025)

000 -LEADER
fixed length control field 00599nam a2200205 a 4500
001 - CONTROL NUMBER
control field :::00002766$&:&@@
003 - CONTROL NUMBER IDENTIFIER
control field OkBaRHE
005 - DATE AND TIME OF LATEST TRANSACTION
control field 20000607103257.0
008 - FIXED-LENGTH DATA ELEMENTS--GENERAL INFORMATION
fixed length control field s1975 j 000 0 eng u
020 ## - INTERNATIONAL STANDARD BOOK NUMBER
International Standard Book Number 088207718X
040 ## - CATALOGING SOURCE
Transcribing agency
100 1# - MAIN ENTRY--PERSONAL NAME
Personal name Baldwin, Stanley C.
245 10 - TITLE STATEMENT
Title What did Jesus say about that?
260 ## - PUBLICATION, DISTRIBUTION, ETC. (IMPRINT)
Place of publication, distribution, etc Wheaton, IL., :
Name of publisher, distributor, etc Victor Books
Date of publication, distribution, etc c1975
300 ## - PHYSICAL DESCRIPTION
Extent 156 p. ;
Dimensions 21 cm.
490 0# - SERIES STATEMENT
Series statement An Input book.
650 ## - SUBJECT ADDED ENTRY--TOPICAL TERM
Topical term or geographic name as entry element Jesus Christ
General subdivision Teachings
942 ## - ADDED ENTRY ELEMENTS (KOHA)
Source of classification or shelving scheme
Koha item type Books
Copies
Lost status Date last seen Source of classification or shelving scheme Withdrawn status Permanent Location Barcode Date acquired Shelving location Copy number Koha item type Damaged status Full call number Price effective from Not for loan
 2018-03-16  RHEMA Bible Training College27662010-04-14General Stacks1Books BS 2415 .B3332010-04-14